| 000 | 00853nam a2200253 a 4500 | ||
|---|---|---|---|
| 001 | 55805 | ||
| 003 | BD-RjUL | ||
| 005 | 20211209080321.0 | ||
| 008 | 161122r19681938nyu b 001 0 eng | ||
| 035 | _a(BD-RjUL)55929) | ||
| 040 |
_aDLC _cDLC _dBD-RjUL _beng |
||
| 041 | _aeng | ||
| 082 | 0 | 0 |
_a822.33 _223 _bTRA 1968 |
| 100 | 1 |
_aTraversi, Derek Antona, _d1912- _9166162 |
|
| 245 | 1 | 3 |
_aAn approach to Shakespeare 1 Henry VI to Twelfth night / _c[by] D. A. Traversi. |
| 250 | _a3d ed., rev. and expanded. | ||
| 260 |
_aLondon : _bAnchor Books, _c1968 |
||
| 300 |
_a v. : _c18 cm. |
||
| 350 | _a1.75 (pbk) | ||
| 504 | _aBibliographical references included in "Notes" (p. [350]-363) | ||
| 505 | 1 | _aV. 2. From Henry VI to Twelfth night.-- V. 1 -- | |
| 600 | 1 | 0 |
_aShakespeare, William, _d1564-1616 _xCriticism and interpretation. _9176561 |
| 942 |
_2ddc _cBK |
||
| 999 |
_c55805 _d55805 |
||